[Event "BC Open"]
[Site "Victoria Canada"]
[EventDate "2009.07.24"]
[Date "2009.07.24"]
[Round "1"]
[White "Powell, Samantha"]
[WhiteTitle "-"]
[WhiteElo "1604"]
[Black "Wang, Jesse"]
[BlackTitle "-"]
[BlackElo "2006"]
[Result "0-1"]
[Source "MonRoi"]

1. e4 c5 2. Nf3 d6 3. d4 cxd4 4. Nxd4 Nf6 5. Nc3 a6 6. Bg5 e6 7. f4 Nbd7 8. Qf3 Qc7 9. O-O-O b5 10. a3 Bb7 11. Bd3 Qb6 12. Nb3 Rc8 13. Rhe1 Rxc3 14. bxc3 Qc7 15. Bxf6 gxf6 16. Re3 Nb6 17. Qe2 d5 18. f5 Na4 19. Bxb5+ axb5 20. Qxb5+ Bc6 21. Qa5 Qxa5 22. Nxa5 Bh6 23. Rde1 Ba8 24. exd5 Bxd5 25. c4 Bxg2 26. Kd1 Bxe3 27. Rxe3 Ke7 28. fxe6 fxe6 29. Rg3 Be4 30. Kc1 Ra8 31. Nb3 Rc8 32. Nd2 Bg6 33. Rb3 Nc5 34. Rb4 Rc7 35. Nf3 e5 36. Kb2 Bf7 37. Kc3 Ne4 38. Kd3 Nd6 39. Nd2 f5 40. a4 e4 41. Kc3 e3 42. Nf3 Bxc4 43. Ne1 f4 44. Kd4 Ke6 45. a5 Ba6 46. h4 Rc4+ 47. Rxc4 Bxc4 48. Kc3 Kd5 49. Kb2 Ke4 50. Kc1 f3 51. Kd1 e2 52. Kd2 f2 53. Nd3 Bxd3 54. cxd3+ Kf3 55. a6 e1Q 56. Kc2 f1Q 57. a7 Qfe2 58. Kb3 Qxd3++ 59. Kb2 Qeb1#  0-1

[Event "BC Open"]
[Site "Victoria Canada"]
[EventDate "2009.07.24"]
[Date "2009.07.25"]
[Round "2"]
[White "Hansen, Eric"]
[WhiteTitle "FM"]
[WhiteElo "2472"]
[Black "Huang, Richard"]
[BlackTitle "-"]
[BlackElo "1952"]
[Result "1-0"]
[Source "MonRoi"]

1. d4 d5 2. c4 c6 3. Nf3 Nf6 4. Nc3 e6 5. e3 Nbd7 6. Qc2 Bd6 7. Be2 O-O 8. O-O dxc4 9. Bxc4 e5 10. Rd1 Qe7 11. e4 b5 12. Bb3 Bb7 13. d5 b4 14. dxc6 Bxc6 15. Nd5 Bxd5 16. Bxd5 Nxd5 17. Rxd5 Nb6 18. Rd1 Rac8 19. Qb3 h6 20. g3 Bc5 21. Nh4 Rfd8 22. Nf5 Qf6 23. Be3 Bxe3 24. Qxe3 Kh7 25. Qb3 Rc4 26. Rxd8 Qxd8 27. Rd1 Qf8 28. Nd6 Rc7 29. Nb5 Rb7 30. Qc2 Qc8 31. Rc1 Qxc2 32. Rxc2 f6 33. b3 Nc8 34. Rxc8 Rxb5 35. Kf1 Ra5 36. Rc2 Kg6 37. Ke2 Ra6 38. f4 exf4 39. gxf4 Kh5 40. Kf3 g5 41. f5 Kh4 42. Re2 Kh3 43. e5 fxe5 44. Ke4 Rf6 45. Rf2 h5 46. Kxe5 Rf8 47. Ke6 g4 48. Ke7 Rb8 49. f6 g3 50. hxg3 Kxg3 51. Rf1 Kg2 52. Rf5 h4 53. f7 h3 54. f8Q Rxf8 55. Rxf8 h2 56. Rg8  1-0

[Event "BC Open"]
[Site "Victoria Canada"]
[EventDate "2009.07.24"]
[Date "2009.07.25"]
[Round "2"]
[White "Gaciu, Vlad"]
[WhiteTitle "-"]
[WhiteElo "1968"]
[Black "Milne, Arthur"]
[BlackTitle "-"]
[BlackElo "1852"]
[Result "0-1"]
[Source "MonRoi"]

1. e4 Nf6 2. e5 Nd5 3. c4 Nb6 4. d4 d6 5. exd6 exd6 6. Nc3 Nc6 7. b3 Be7 8. Bb2 O-O 9. Nf3 Bg4 10. Be2 d5 11. c5 Nc8 12. O-O Bf6 13. a3 N8e7 14. Na2 Bxf3 15. Bxf3 Nf5 16. Nb4 Nfxd4 17. Bxd4 Nxd4 18. Bxd5 a5 19. Bxb7 Rb8 20. Nc6 Nxc6 21. Bxc6 Bxa1 22. Qxa1 Rxb3 23. Ba4 Rd3 24. Bb5 Rd2 25. a4 Qd4 26. Qxd4 Rxd4 27. g3 Rfd8 28. Kg2 Rd1 29. Rxd1 Rxd1 30. Kf3 Kf8 31. Ke4 Ke7 32. h4 Rc1 33. Kd4 Rc2 34. f3 Rg2 35. g4 Rh2 36. h5 g6 37. hxg6 fxg6 38. g5 Ke6 39. f4 Kf5 40. Kd5 Kxf4 41. Ke6 Rd2 42. Bd7 Kxg5 43. c6 h5 44. Ke7 h4 45. Ke8 Kf4 46. Kd8 h3 47. Kxc7 h2 48. Kb8 h1Q 49. c7 Rc2 50. c8Q Rxc8 51. Bxc8 g5 52. Bb7 Qb1 53. Ka7 Ke5 54. Ka6 Qb4 55. Bc6 Kd6 56. Bb5 Kc7 57. Ka7 Qc5 58. Ka8 Qb6 59. Bc6  0-1

[Event "BC Open"]
[Site "Victoria Canada"]
[EventDate "2009.07.24"]
[Date "2009.07.25"]
[Round "2"]
[White "Yearwood, Roy"]
[WhiteTitle "-"]
[WhiteElo "2079"]
[Black "McCleary, Reuben"]
[BlackTitle "-"]
[BlackElo "1508"]
[Result "1-0"]
[Source "MonRoi"]

1. e4 c5 2. b4 e6 3. bxc5 Bxc5 4. d4 Bb6 5. Nf3 d5 6. e5 Nc6 7. Bd3 Bd7 8. c3 Nge7 9. O-O Rc8 10. Na3 a6 11. Nc2 Nf5 12. Rb1 O-O 13. Ne3 Nxe3 14. Bxe3 h6 15. Ng5 f5 16. exf6 Rxf6 17. Nf3 Qc7 18. Ne5 Ba7 19. f4 b5 20. Nxd7 Qxd7 21. a4 e5 22. axb5 exd4 23. bxc6 dxe3 24. cxd7 e2+ 25. Kh1 exd1Q 26. dxc8Q Rf8 27. Qe6 Kh8 28. Rbxd1  1-0

[Event "BC Open"]
[Site "Victoria Canada"]
[EventDate "2009.07.24"]
[Date "2009.07.25"]
[Round "2"]
[White "McCleary, Rick"]
[WhiteTitle "-"]
[WhiteElo "1140"]
[Black "Lee, Andrew Quinton"]
[BlackTitle "-"]
[BlackElo "1675"]
[Result "0-1"]
[Source "MonRoi"]

1. d4 Nf6 2. Nc3 g6 3. e4 d6 4. Bd3 Bg7 5. Nge2 O-O 6. O-O e5 7. Bg5 h6 8. Bxf6 Bxf6 9. Qd2 Bg7 10. Bc4 Nc6 11. Rad1 exd4 12. Nd5 Ne5 13. Qb4 c5 14. Qb3 Nxc4 15. Qxc4 a6 16. a4 Rb8 17. Ra1 b5 18. axb5 axb5 19. Qa2 Be6 20. Nef4 Qd7 21. Qa7 Rb7 22. Qa3 Rbb8 23. Qa7 Rb7 24. Qa3 g5 25. Nh5 Bxd5 26. exd5 Re8 27. Rae1 Re5 28. Qa8 Kh7 29. f4 Rxd5 30. Qe8 Qxe8 31. Rxe8 Rd7 32. f5 f6 33. Ra1 Re5 34. Raa8 Rxe8 35. Rxe8 c4 36. Rf8 Re7 37. Nxf6 Bxf6 38. Rxf6 Re2 39. Rxd6 Rxc2 40. Rxd4 Rxb2 41. h4 c3 42. f6 c2 43. Rd7 Kg6 44. f7 c1Q 45. Kh2 Qf4 46. Kh3 g4  0-1

[Event "BC Open"]
[Site "Victoria Canada"]
[EventDate "2009.07.24"]
[Date "2009.07.25"]
[Round "3"]
[White "Lee, Andrew Quinton"]
[WhiteTitle "-"]
[WhiteElo "1675"]
[Black "Gaciu, Vlad"]
[BlackTitle "-"]
[BlackElo "1968"]
[Result "0-1"]
[Source "MonRoi"]

1. e4 d6 2. d4 Nf6 3. Nc3 g6 4. Be3 c6 5. f3 b5 6. a3 Nbd7 7. Nge2 e5 8. Qd2 a6 9. O-O-O Qc7 10. Kb1 Bb7 11. Nc1 a5 12. dxe5 dxe5 13. Ne2 O-O-O 14. Nd3 c5 15. Qc3 b4 16. axb4 axb4 17. Qc4 Nb6 18. Qb5 Qc6 19. Qxc6 Bxc6 20. Kc1 Nfd7 21. b3 Kc7 22. c3 Be7 23. c4 Kb7 24. g4 Na8 25. Bg2 Nc7 26. Kb2 Ne6 27. Ra1 Nd4 28. Nxd4 exd4 29. Bf4 f6 30. Ra2 Ra8 31. Rxa8 Rxa8 32. Ra1 Rf8 33. h4 h5 34. Rg1 hxg4 35. fxg4 Rh8 36. Bg3 Bd8 37. Bf3 f5 38. Re1 fxe4 39. Bxe4 Bxe4 40. Rxe4 Bxh4 41. Bxh4 Rxh4 42. Re7 Kc6 43. Re6 Kc7 44. Rxg6 Rh2 45. Kc1 Rh3 46. Kc2 Rxd3 47. Kxd3 Ne5 48. Ke4 Nxg6 49. Kd3 Ne5 50. Ke4 Nxg4 51. Kd3 Kd6 52. Ke4 Ke6 53. Kd3 Ke5 54. Kd2 Ke4 55. Ke2 d3 56. Kd2 Kd4  0-1

[Event "BC Open"]
[Site "Victoria Canada"]
[EventDate "2009.07.24"]
[Date "2009.07.25"]
[Round "3"]
[White "Ho, Daniel"]
[WhiteTitle "-"]
[WhiteElo "1900"]
[Black "Paulson, Stewart"]
[BlackTitle "-"]
[BlackElo "1510"]
[Result "1-0"]
[Source "MonRoi"]

1. e4 e5 2. Nf3 Nc6 3. Bb5 d6 4. h3 Bd7 5. c3 g6 6. d4 exd4 7. cxd4 Bg7 8. O-O a6 9. Bc4 Nge7 10. Be3 O-O 11. Qd2 Re8 12. Ng5 Rf8 13. f4 h6 14. Nf3 Kh7 15. Nc3 Ng8 16. e5 Nce7 17. d5 Nf5 18. Ne4 Nxe3 19. Qxe3 Bb5 20. Bxb5 axb5 21. h4 dxe5 22. fxe5 Qxd5 23. Rfd1 Qc6 24. Kh1 Kh8 25. Rac1 Qa6 26. a3 Rad8 27. Rxd8 Rxd8 28. Rxc7 Rd1 29. Kh2 Qe6 30. Nc5 Qf5 31. e6 Nf6 32. e7 Ne8 33. Rxb7 Bxb2 34. Rb8 Bc1 35. Rxe8 Kg7 36. Qc3 f6 37. Rg8 Kxg8 38. e8Q Kg7 39. Ne6 Kh7 40. Qf7  1-0

[Event "BC Open"]
[Site "Victoria Canada"]
[EventDate "2009.07.24"]
[Date "2009.07.25"]
[Round "3"]
[White "Powell, Samantha"]
[WhiteTitle "-"]
[WhiteElo "1604"]
[Black "Reid, Richard"]
[BlackTitle "-"]
[BlackElo "1873"]
[Result "0-1"]
[Source "MonRoi"]

1. e4 c6 2. d4 d5 3. Nc3 dxe4 4. Nxe4 Nd7 5. Ng5 Ngf6 6. Bd3 e6 7. Ne2 h6 8. Nf3 Bd6 9. O-O Qc7 10. h3 b6 11. Re1 Bb7 12. Nc3 O-O 13. Ne4 Nxe4 14. Bxe4 Nf6 15. Bd3 c5 16. dxc5 Qxc5 17. Be3 Qc6 18. Qe2 Rad8 19. Rad1 Bc5 20. Bxc5 Qxc5 21. a3 Qh5 22. Nd2 Qxe2 23. Rxe2 Rd7 24. Rde1 Rfd8 25. Ne4 Nd5 26. g3 Ne7 27. Nc3 Nc6 28. Bb5 a6 29. Bxc6 Bxc6 30. b4 Rd4 31. h4 Bb7 32. Nb1 Rc8 33. c3 Rd3 34. Re3 Rcd8 35. a4 Rxe3 36. fxe3 Bc6 37. b5 axb5 38. axb5 Bxb5 39. Na3 Ba4 40. Nc4 b5 41. Nb2 Bb3 42. Kf2 Rc8 43. Rc1 h5 44. Ke2 Kf8 45. Kd2 Rd8 46. Ke1 Ke7 47. c4 bxc4 48. Nxc4 Rc8 49. Kd2 Bxc4 50. e4 Ba6 51. Rxc8 Bxc8 52. Ke3 Kf6 53. Kf4 e5 54. Ke3 g5 55. Kf2 gxh4 56. gxh4 Ke6 57. Ke3 f5 58. exf5 Kxf5 59. Kf3 Bb7 60. Kg3 e4 61. Kh3 Kf4 62. Kg2 Ke3 63. Kf1 Kd2 64. Kf2 e3+ 65. Kg1 e2 66. Kh2 e1Q 67. Kh3 Qe3+ 68. Kh2 Qf2+ 69. Kh3 Qg2#  0-1

[Event "BC Open"]
[Site "Victoria Canada"]
[EventDate "2009.07.24"]
[Date "2009.07.25"]
[Round "3"]
[White "Tate, Bill"]
[WhiteTitle "-"]
[WhiteElo "1784"]
[Black "Setiadikurnia, Sloam"]
[BlackTitle "-"]
[BlackElo "692"]
[Result "1-0"]
[Source "MonRoi"]

1. e4 e6 2. d4 d5 3. Nc3 Bb4 4. e5 c5 5. a3 Bxc3 6. bxc3 cxd4 7. cxd4 Nc6 8. f4 Nge7 9. Nf3 O-O 10. Bd3 f6 11. O-O Qb6 12. Kh1 fxe5 13. fxe5 Bd7 14. c3 Nf5 15. Rb1 Qc7 16. Qe2 Na5 17. Bd2 Nc4 18. Bxc4 dxc4 19. Bg5 b5 20. g4 h6 21. gxf5 hxg5 22. Nxg5 Bc6 23. Kg1 Rxf5 24. Rxf5 exf5 25. Qh5 g6 26. Qxg6 Qg7 27. Qxg7 Kxg7 28. Rd1 Bd5 29. Kf2 Rh8 30. Kg3 Kg6 31. h4 a6 32. Rf1 Rf8 33. Nh3 Kh6 34. Ng5 Kg6 35. Kf4 Kh5 36. Kg3 Kg6 37. Rf2 Kh5 38. Kf4 Kg6 39. Rh2 Rh8 40. h5 Rxh5 41. Rxh5 Kxh5 42. Kxf5 a5 43. e6 Bc6 44. e7 b4 45. cxb4 c3 46. Ne4 axb4 47. axb4 c2 48. Ng3 Bd7 49. Ke5 Kg4 50. Ne2 Kf3 51. Nc1 Ke3 52. d5 Kd2 53. Kd6 Ba4 54. Kc7  1-0

[Event "BC Open"]
[Site "Victoria Canada"]
[EventDate "2009.07.24"]
[Date "2009.07.25"]
[Round "4"]
[White "Ho, Alec"]
[WhiteTitle "-"]
[WhiteElo "1850"]
[Black "Huang, Richard"]
[BlackTitle "-"]
[BlackElo "1952"]
[Result "0-1"]
[Source "MonRoi"]

1. d4 d5 2. c4 e6 3. Nc3 Nf6 4. Bg5 Nbd7 5. e3 c6 6. Nf3 Qa5 7. Bd3 Ne4 8. Bxe4 dxe4 9. Ne5 Bb4 10. O-O Bxc3 11. bxc3 O-O 12. Be7 Re8 13. Bb4 Qc7 14. Nxd7 Bxd7 15. Qh5 e5 16. f3 exd4 17. cxd4 f5 18. Be1 Be6 19. Rc1 g6 20. Qg5 Qf7 21. c5 Bxa2 22. Bg3 exf3 23. gxf3 Qe7 24. Qxe7 Rxe7 25. Be5 Bd5 26. Kf2 b5 27. Ra1 a5 28. Rfb1 Rb7 29. Rb4 Raa7 30. Rb2 a4 31. Rb4 a3 32. Ke2 a2 33. Bg3 Ra3 34. Be1 Re7 35. Bd2 Kg7 36. Kf2 Rd3 37. Rb2 Bc4 38. f4 Kf6 39. h4 Bd5 40. Rg1 Ra3 41. Ra1 Rd3 42. Rg1 Ra3 43. Ra1 Re4 44. Bc1 Ra4 45. Rd2 b4 46. Bb2 Ra8 47. Rg1 h6 48. Rdd1 Rg8 49. Rg3 Ree8 50. Rgg1 g5 51. hxg5 hxg5 52. fxg5 Kg6 53. Rge1 Rh8 54. Kg3 Rh5 55. e4 Rxg5 56. Kf2 fxe4 57. Rg1 e3 58. Ke2 Bc4 59. Kf3 e2 60. Rxg5 Kxg5 61. Rg1 Kf5 62. Re1 Re4 63. Ba1 Rf4 64. Ke3 Rh4 65. Kd2 Rh3 66. Kc1 Ke4 67. Kd2 Kf3 68. d5 Kf2 69. Bd4 Kf3 70. d6 Rh5 71. Kc2 Rd5 72. Bf6 a1Q 73. Rxa1 Rd1 74. d7 e1Q 75. Rxd1 Bb3 76. Kxb3 Qxd1 77. Kxb4 Qxd7 78. Bc3 Qb7 79. Kc4 Ke4 80. Bb4 Qb5 81. Kc3 Qd3 82. Kb2 Qc4 83. Ba3 K
 d3  0-1

[Event "BC Open"]
[Site "Victoria Canada"]
[EventDate "2009.07.24"]
[Date "2009.07.26"]
[Round "5"]
[White "Parker, Dylan"]
[WhiteTitle "-"]
[WhiteElo "1574"]
[Black "Setiadikurnia, Sloam"]
[BlackTitle "-"]
[BlackElo "692"]
[Result "1-0"]
[Source "MonRoi"]

1. e4 c5 2. Nf3 d6 3. d4 cxd4 4. Nxd4 Nf6 5. Nc3 g6 6. Be2 Bg7 7. Be3 O-O 8. Qd2 Nc6 9. f3 Bd7 10. h4 e5 11. Ndb5 Be6 12. Nxd6 Qe7 13. Nc4 Rfd8 14. Qc1 Nh5 15. Bf2 Nf4 16. Ne3 Nxe2 17. Nxe2 Rac8 18. Nc3 Nd4 19. Ncd5 Bxd5 20. Nxd5 Nxc2 21. Qxc2 Rxc2 22. Nxe7 Kf8 23. Nd5 Rdc8 24. O-O Rxb2 25. Rfc1 Rc6 26. Bxa7 Bh6 27. Rxc6 bxc6 28. Nf6 Kg7 29. Ng4 Bf4 30. Be3 Bxe3 31. Nxe3 Rb4 32. a4 c5 33. a5 c4 34. a6 Rb8 35. a7 Ra8 36. Nxc4 f5 37. Nb6 Rd8 38. a8Q Rxa8 39. Rxa8 fxe4 40. fxe4 Kh6 41. Kh2 Kh5 42. Kg3 h6 43. Ra5 g5 44. Rxe5 Kg6 45. hxg5 hxg5 46. Kg4 Kf6 47. Rxg5  1-0